000 01436nam a2200373 a 4500
001 000115197
003 CHAP
005 20220329144522.0
008 181126s2018 mx a sm |||||||spa d
010 _a111658
011 _a112630
040 _cCHAP
090 _aTesis
100 1 _aGuadalupe García, Manuel.
_9136185
245 1 0 _aRelación del contenido de nitrogeno, color y morfología de la hoja de la etapa fenológica V5 con la fertilización nitrogenada a la siembra de maíz (Zea mays L.) /
_h[En línea]
_cpor Manuel Guadalupe García.
260 _aChapingo, Méx. :
_bEl autor,
_c2018.
500 _aPara ver el contenido del material haga clic en la liga
502 _aTesis (Ing. Agr. Esp. en Fitotecnia) -- UACH. Departamento de Fitotecnia
590 _aBATCH-UPD
_b10
_c20190619
_lUCH01
_h1040
590 _aE11695DGD
_b10
_c20190619
_lUCH01
_h1039
590 _aE8697GMM
_b05
_c20181126
_lUCH01
_h1318
590 _aE8697GMM
_b05
_c20181126
_lUCH01
_h1320
590 _aE8697GMM
_b05
_c20181126
_lUCH01
_h1415
590 _aE8697GMM
_b05
_c20181203
_lUCH01
_h1233
590 _aE8697GMM
_b05
_c20190517
_lUCH01
_h1431
650 1 4 _aHojas
_xAnálisis.
_955860
650 1 4 _aMaíz
_xHíbridos.
_970974
650 1 4 _aMaíz
_xHojas.
_970975
650 1 4 _aNitrógeno
_xEfecto en maíz.
_981447
856 _aFinding aid
_uhttp://10.13.5.2/tesis/sist115197.pdf
_zTeclea aquí
901 _aBK
942 _cTESIS
942 _n0
999 _c111658
_d111658